[Event "FSGM 2008.06"]
[Site "Budapest HUN"]
[Date "2008.06.18"]
[Round "12"]
[White "Roussel-Roozmon, Thomas"]
[Black "Bluvshtein, Mark"]
[Result "0-1"]
[WhiteElo "2489"]
[BlackElo "2544"]
[PlyCount "114"]
[EventDate "2008.06.07"]
[EventType "tourn"]
[EventRounds "13"]
[EventCountry "HUN"]
[EventCategory "7"]
[Source "Mark Crowther"]
[SourceDate "2008.06.23"]

1. d4 Nf6 2. c4 e6 3. Nc3 c5 4. d5 exd5 5. cxd5 d6 6. e4 g6 7. h3 Bg7 8. Nf3 a6
9. a4 Nbd7 10. Bd3 Nh5 11. Bg5 Bf6 12. Be3 Ne5 13. Be2 Nxf3+ 14. Bxf3 Ng7 15.
O-O O-O 16. Be2 Re8 17. Bd3 Bd7 18. Re1 Rc8 19. a5 Bg5 20. Qf3 Bxe3 21. Rxe3
Re5 22. Kh2 Qh4 23. Qg3 Qxg3+ 24. Kxg3 Rce8 25. Rae1 Nh5+ 26. Kh2 Nf4 27. Bf1
g5 28. g3 Ng6 29. Be2 f5 30. exf5 Rxe3 31. fxe3 Bxf5 32. e4 Bd7 33. Bh5 Kg7 34.
Bxg6 Kxg6 35. e5 dxe5 36. Ne4 c4 37. Nd6 Re7 38. Nxc4 e4 39. g4 Bb5 40. Nb6 Kf6
41. d6 Re6 42. Rd1 Bd3 43. Nc8 Re5 44. d7 Rd5 45. Nb6 Rd4 46. Kg3 e3 47. Re1 e2
48. Kf2 Bb5 49. b3 Ke7 50. Nc4 Bxc4 51. bxc4 Re4 52. Rxe2 Rxe2+ 53. Kxe2 Kxd7
54. Kd3 Kc6 55. Kd4 h6 56. Ke5 Kc5 57. Kf6 b6 0-1

[Event "Gausdal Classics GM-B"]
[Site "Gausdal NOR"]
[Date "2008.04.08"]
[Round "1"]
[White "Groffen, Hans"]
[Black "Roussel-Roozmon, Thomas"]
[Result "1/2-1/2"]
[WhiteElo "2220"]
[BlackElo "2489"]
[PlyCount "98"]
[EventDate "2008.04.08"]
[EventType "swiss"]
[EventRounds "9"]
[EventCountry "NOR"]

1. d4 Nf6 2. c4 e6 3. Nf3 c5 4. d5 exd5 5. cxd5 d6 6. Nc3 g6 7. e4 a6 8. a4 Bg4
9. Be2 Bxf3 10. Bxf3 Nbd7 11. O-O Bg7 12. Bg5 h6 13. Bh4 O-O 14. Be2 Re8 15.
Qc2 Rc8 16. f3 c4 17. Bf2 Nc5 18. Rfe1 Qc7 19. Bf1 Nb3 20. Rad1 Rb8 21. Na2 b5
22. axb5 axb5 23. Nb4 Ra8 24. g3 Nd7 25. f4 Ra4 26. Nc6 Ra2 27. e5 dxe5 28.
Ne7+ Rxe7 29. d6 Qd8 30. dxe7 Qxe7 31. f5 g5 32. Qb1 Ra1 33. Qe4 Ndc5 34. Qd5
Rxd1 35. Rxd1 e4 36. Be3 Bxb2 37. Qc6 Bg7 38. Rd6 Be5 39. Rd5 Nd3 40. Qxb5 Bf6
41. Qxc4 Nd2 42. Qc8+ Kg7 43. Bxd3 Nf3+ 44. Kf2 exd3 45. Kxf3 g4+ 46. Kf2 Qe4
47. Qc5 Qf3+ 48. Kg1 Qd1+ 49. Kg2 Qf3+ 1/2-1/2

[Event "Gausdal Classics GM-B"]
[Site "Gausdal NOR"]
[Date "2008.04.11"]
[Round "4"]
[White "Roussel-Roozmon, Thomas"]
[Black "Andreasen, Per"]
[Result "1/2-1/2"]
[WhiteElo "2489"]
[BlackElo "2242"]
[PlyCount "64"]
[EventDate "2008.04.08"]
[EventType "swiss"]
[EventRounds "9"]
[EventCountry "NOR"]

1. e4 g6 2. d4 Bg7 3. c4 d6 4. Nc3 e5 5. Nf3 Nc6 6. Bg5 f6 7. Be3 Nh6 8. h3 O-O
9. dxe5 dxe5 10. Qxd8 Nxd8 11. O-O-O Ne6 12. c5 c6 13. Nd2 f5 14. f3 fxe4 15.
fxe4 Nf7 16. Nc4 Rd8 17. Rxd8+ Nexd8 18. Be2 Ne6 19. Rd1 Nf4 20. Bf1 Be6 21.
Na5 Rb8 22. Kc2 Kf8 23. Ne2 Bh6 24. Ng1 Ke7 25. Nf3 Bg7 26. Rd2 Nh5 27. Ba6 Bc8
28. Rd3 Ng3 29. Nd2 Bf6 30. Bf2 Nh5 31. Ndc4 Nf4 32. Rb3 Nd8 1/2-1/2

[Event "Victor Ciocaltea mem"]
[Site "Bucharest ROM"]
[Date "2008.03.14"]
[Round "1"]
[White "Lupulescu, Constantin"]
[Black "Roussel-Roozmon, Thomas"]
[Result "1/2-1/2"]
[WhiteElo "2553"]
[BlackElo "2442"]
[PlyCount "48"]
[EventDate "2008.03.14"]
[EventType "tourn"]
[EventRounds "11"]
[EventCountry "ROM"]
[EventCategory "9"]
[Source "Mark Crowther"]
[SourceDate "2008.03.24"]

1. e4 e5 2. Nf3 Nc6 3. Bb5 a6 4. Ba4 Nf6 5. O-O Nxe4 6. d4 b5 7. Bb3 d5 8. dxe5
Be6 9. Nbd2 Nc5 10. c3 d4 11. Bxe6 Nxe6 12. cxd4 Ncxd4 13. a4 Bb4 14. Nxd4 Qxd4
15. axb5 O-O 16. bxa6 Rfd8 17. Qc2 Bxd2 18. Rd1 Bxc1 19. Rxd4 Nxd4 20. Qxc7
Bxb2 21. Rb1 Ne6 22. Qa5 Bd4 23. g3 g6 24. Rb7 Rdb8 1/2-1/2

[Event "Victor Ciocaltea mem"]
[Site "Bucharest ROM"]
[Date "2008.03.15"]
[Round "2"]
[White "Roussel-Roozmon, Thomas"]
[Black "Raceanu, Valentin"]
[Result "0-1"]
[WhiteElo "2442"]
[BlackElo "2407"]
[PlyCount "140"]
[EventDate "2008.03.14"]
[EventType "tourn"]
[EventRounds "11"]
[EventCountry "ROM"]
[EventCategory "9"]
[Source "Mark Crowther"]
[SourceDate "2008.03.24"]

1. d4 d5 2. c4 e6 3. Nf3 c6 4. Qc2 dxc4 5. Qxc4 b5 6. Qc2 Bb7 7. e4 Nd7 8. Nc3
Rc8 9. a3 a6 10. Be2 c5 11. d5 exd5 12. Nxd5 Ngf6 13. O-O Be7 14. a4 Nxd5 15.
exd5 b4 16. Rd1 O-O 17. a5 Bf6 18. Bf4 Re8 19. Bc4 g6 20. Rd2 Ra8 21. Qb3 Re4
22. Bg3 Kg7 23. h3 h6 24. d6 Qe8 25. Rad1 Qd8 26. Qa2 Rxc4 27. Qxc4 Qxa5 28.
Re2 Bxf3 29. gxf3 Qb5 30. Qe4 Rc8 31. b3 c4 32. Rd5 Qc6 33. Qxc4 Qxc4 34. bxc4
Rxc4 35. Re7 Nb6 36. Be5 Nxd5 37. d7 Nxe7 38. Bxf6+ Kxf6 39. d8=Q Ke6 40. Qb6+
Nc6 41. Qxa6 Kd5 42. Qb7 Kd4 43. Qxf7 b3 44. Qxg6 Kc3 45. Qxh6 b2 46. Qe3+ Kc2
47. Qe2+ Kb3 48. Qd1+ Ka2 49. Qe2 Rc1+ 50. Kg2 Nb4 51. h4 Rc2 52. Qe6+ Ka3 53.
Qe3+ Ka2 54. Qe6+ Ka3 55. Qe3+ Ka4 56. Qe8+ Kb3 57. Qe6+ Rc4 58. Qe3+ Rc3 59.
Qe6+ Ka3 60. Qe4 Rd3 61. Qa8+ Kb3 62. Qg8+ Kc3 63. Qg7+ Kc2 64. h5 b1=Q 65. h6
Rd1 66. Qc7+ Kd2 67. Qf4+ Kc3 68. Qf6+ Kc2 69. Qg6+ Nd3 70. Qc6+ Kd2 0-1

[Event "Victor Ciocaltea mem"]
[Site "Bucharest ROM"]
[Date "2008.03.16"]
[Round "3"]
[White "Shishkin, Vadim"]
[Black "Roussel-Roozmon, Thomas"]
[Result "1/2-1/2"]
[WhiteElo "2493"]
[BlackElo "2442"]
[PlyCount "121"]
[EventDate "2008.03.14"]
[EventType "tourn"]
[EventRounds "11"]
[EventCountry "ROM"]
[EventCategory "9"]
[Source "Mark Crowther"]
[SourceDate "2008.03.24"]

1. d4 Nf6 2. c4 e6 3. Nc3 Bb4 4. Qc2 d5 5. a3 Bxc3+ 6. Qxc3 Ne4 7. Qc2 c5 8.
dxc5 Nc6 9. cxd5 exd5 10. e3 Bf5 11. Bd3 Qg5 12. Kf1 Ne5 13. Qa4+ Bd7 14. Bb5
Nxc5 15. Bxd7+ Nexd7 16. Qd1 O-O 17. Nf3 Qf6 18. g3 Nb3 19. Rb1 Ne5 20. Kg2
Nxf3 21. Qxf3 Qg6 22. e4 Qxe4 23. Qxe4 dxe4 24. Re1 f5 25. f3 Rac8 26. fxe4
Rc2+ 27. Kh3 fxe4 28. Bf4 Re8 29. Re3 Nd2 30. Re2 e3 31. Rbe1 Rxb2 32. Rxe3
Rxe3 33. Rxe3 Nc4 34. Re7 a6 35. a4 b5 36. Rc7 Ra2 37. axb5 axb5 38. Rb7 Rb2
39. Rc7 h6 40. Rc5 Kh7 41. Kg4 Nb6 42. h4 b4 43. Rc7 Re2 44. Rb7 Re6 45. Kf5
Rf6+ 46. Ke4 b3 47. Be5 Nc4 48. Bxf6 Nd6+ 49. Kd5 Nxb7 50. Bb2 Kg6 51. Kc4 Nd6+
52. Kxb3 Nf5 53. Be5 Kh5 54. Kc4 Kg4 55. Kd5 g6 56. Ke6 Nxg3 57. Kf6 Nf5 58.
Kxg6 h5 59. Bf6 Nxh4+ 60. Kh6 Nf5+ 61. Kg6 1/2-1/2

[Event "Victor Ciocaltea mem"]
[Site "Bucharest ROM"]
[Date "2008.03.17"]
[Round "4"]
[White "Roussel-Roozmon, Thomas"]
[Black "Sanduleac, Vasile"]
[Result "1/2-1/2"]
[WhiteElo "2442"]
[BlackElo "2452"]
[PlyCount "120"]
[EventDate "2008.03.14"]
[EventType "tourn"]
[EventRounds "11"]
[EventCountry "ROM"]
[EventCategory "9"]
[Source "Mark Crowther"]
[SourceDate "2008.03.24"]

1. d4 d6 2. Nf3 Bg4 3. c4 c6 4. Nc3 Nf6 5. e4 Nbd7 6. Be2 e5 7. Be3 Be7 8. O-O
O-O 9. d5 Bxf3 10. Bxf3 a6 11. b4 Qc7 12. Qb3 Rfc8 13. Rac1 h6 14. g3 a5 15. a3
axb4 16. axb4 h5 17. Be2 Ng4 18. Bd2 c5 19. b5 Qd8 20. h3 Ngf6 21. h4 g6 22.
Ra1 Nb6 23. Qb2 Ne8 24. Rxa8 Rxa8 25. Ra1 Ng7 26. Rxa8 Qxa8 27. Qa2 Qxa2 28.
Nxa2 Ne8 29. Nc1 Nd7 30. Nb3 b6 31. Bf1 Ndf6 32. f3 Bd8 33. Bg5 Kf8 34. Bh3 Bc7
35. Kf2 Kg7 36. Nc1 Kf8 37. Ne2 Ng8 38. Nc3 Ng7 39. Na4 Ne8 40. Nb2 Kg7 41. Nd3
Kf8 42. Bd7 Nef6 43. Bc8 Ke8 44. Bd2 Kd8 45. Bh3 Ke8 46. Ke3 Kf8 47. Nf2 Nh6
48. Ke2 Kg7 49. Bc8 Nhg8 50. f4 Nh6 51. Kf3 Bb8 52. Bc3 Bc7 53. Bb2 Kf8 54. Bc3
Kg7 55. Ba1 Kf8 56. Bb2 Kg7 57. Bc3 Kf8 58. g4 hxg4+ 59. Nxg4 Nhxg4 60. Bxg4
Kg7 1/2-1/2

[Event "Victor Ciocaltea mem"]
[Site "Bucharest ROM"]
[Date "2008.03.18"]
[Round "5"]
[White "Murariu, Andrei"]
[Black "Roussel-Roozmon, Thomas"]
[Result "1/2-1/2"]
[WhiteElo "2483"]
[BlackElo "2442"]
[PlyCount "32"]
[EventDate "2008.03.14"]
[EventType "tourn"]
[EventRounds "11"]
[EventCountry "ROM"]
[EventCategory "9"]
[Source "Mark Crowther"]
[SourceDate "2008.03.24"]

1. e4 e5 2. Nf3 Nc6 3. d4 exd4 4. Nxd4 Nf6 5. Nxc6 bxc6 6. e5 Qe7 7. Qe2 Nd5 8.
c4 Nb6 9. Nc3 Qe6 10. Qe4 g6 11. Bf4 Bb4 12. Bd2 O-O 13. O-O-O Rb8 14. h4 Bxc3
15. Bxc3 Na4 16. Qc2 Nxc3 1/2-1/2

[Event "Victor Ciocaltea mem"]
[Site "Bucharest ROM"]
[Date "2008.03.19"]
[Round "6"]
[White "Roussel-Roozmon, Thomas"]
[Black "Baratosi, Daniel"]
[Result "1-0"]
[WhiteElo "2442"]
[BlackElo "2441"]
[PlyCount "119"]
[EventDate "2008.03.14"]
[EventType "tourn"]
[EventRounds "11"]
[EventCountry "ROM"]
[EventCategory "9"]
[Source "Mark Crowther"]
[SourceDate "2008.03.24"]

1. d4 d5 2. c4 e6 3. Nf3 c6 4. Bg5 Nf6 5. e3 Nbd7 6. Nc3 Be7 7. Qc2 O-O 8. Rd1
h6 9. Bh4 b6 10. Bd3 Bb7 11. O-O c5 12. cxd5 Nxd5 13. Bxe7 Qxe7 14. Nxd5 Bxd5
15. e4 Bb7 16. Rfe1 Rac8 17. d5 c4 18. Bf1 e5 19. a4 a6 20. b3 cxb3 21. Qxb3
Qd6 22. Nd2 Kh8 23. Nc4 Qg6 24. Rb1 f5 25. Nxb6 Rcd8 26. Nxd7 Rxd7 27. f3 fxe4
28. fxe4 Rf4 29. Qg3 Qd6 30. Qe3 Rf6 31. a5 Kh7 32. Rb6 Qf8 33. Reb1 Bc8 34.
Rxf6 Qxf6 35. Rb6 Qe7 36. Bxa6 Bxa6 37. Rxa6 Qb4 38. h3 Rf7 39. Kh2 Rf1 40. Rc6
Qb1 41. a6 Re1 42. Qf3 Rf1 43. Qe2 Re1 44. Qc2 Rh1+ 45. Kg3 Qg1 46. Qe2 Qh2+
47. Kf2 Rb1 48. Rc3 Qg1+ 49. Kg3 Rb6 50. Rc6 Rb3+ 51. Kh4 Re3 52. Qg4 Qf2+ 53.
Kh5 Rg3 54. Qf5+ Qxf5+ 55. exf5 Rg5+ 56. Kh4 Rxf5 57. a7 Rf4+ 58. Kg3 Ra4 59.
Rc7 Ra3+ 60. Kf2 1-0

[Event "Victor Ciocaltea mem"]
[Site "Bucharest ROM"]
[Date "2008.03.21"]
[Round "7"]
[White "Pap, Misa"]
[Black "Roussel-Roozmon, Thomas"]
[Result "0-1"]
[WhiteElo "2465"]
[BlackElo "2442"]
[PlyCount "62"]
[EventDate "2008.03.14"]
[EventType "tourn"]
[EventRounds "11"]
[EventCountry "ROM"]
[EventCategory "9"]
[Source "Mark Crowther"]
[SourceDate "2008.03.24"]

1. e4 e5 2. Nf3 Nc6 3. Bc4 Bc5 4. c3 Nf6 5. d3 a6 6. Bb3 Ba7 7. O-O d6 8. Re1
O-O 9. h3 Be6 10. d4 exd4 11. cxd4 Bxb3 12. axb3 d5 13. e5 Ne4 14. Nc3 f6 15.
exf6 Nxf6 16. Bg5 Qd6 17. b4 Nxb4 18. Qb3 Kh8 19. Bh4 Nc6 20. Qxb7 Nxd4 21.
Rxa6 Nxf3+ 22. gxf3 Qxa6 23. Qxa6 Bxf2+ 24. Kxf2 Rxa6 25. Nb5 Rb6 26. Nxc7
Rxb2+ 27. Kg3 Nh5+ 28. Kg4 Rb4+ 29. Kg5 h6+ 30. Kxh5 Kh7 31. Rg1 Rf5+ 0-1

[Event "Victor Ciocaltea mem"]
[Site "Bucharest ROM"]
[Date "2008.03.22"]
[Round "8"]
[White "Roussel-Roozmon, Thomas"]
[Black "Chirila, Ioan Christian"]
[Result "1-0"]
[WhiteElo "2442"]
[BlackElo "2400"]
[PlyCount "53"]
[EventDate "2008.03.14"]
[EventType "tourn"]
[EventRounds "11"]
[EventCountry "ROM"]
[EventCategory "9"]
[Source "Mark Crowther"]
[SourceDate "2008.03.24"]

1. d4 d5 2. Nf3 e6 3. g3 c6 4. Bg2 Nf6 5. O-O Be7 6. c4 O-O 7. Qc2 dxc4 8. Qxc4
b5 9. Qc2 Bb7 10. Nbd2 Nbd7 11. Nb3 Qb6 12. Be3 Nd5 13. Ng5 N7f6 14. Bd2 h6 15.
Nf3 a5 16. Rac1 Nb4 17. Qb1 Nd7 18. e4 c5 19. dxc5 Nxc5 20. Be3 Rac8 21. a3
Nba6 22. Nxc5 Bxc5 23. Rxc5 Nxc5 24. b4 axb4 25. axb4 Bxe4 26. Bxc5 Qb7 27. Ng5
1-0

[Event "Victor Ciocaltea mem"]
[Site "Bucharest ROM"]
[Date "2008.03.23"]
[Round "9"]
[White "Romanishin, Oleg"]
[Black "Roussel-Roozmon, Thomas"]
[Result "1-0"]
[WhiteElo "2528"]
[BlackElo "2442"]
[PlyCount "93"]
[EventDate "2008.03.14"]
[EventType "tourn"]
[EventRounds "11"]
[EventCountry "ROM"]
[EventCategory "9"]
[Source "Mark Crowther"]
[SourceDate "2008.03.24"]

1. d4 Nf6 2. Nf3 e6 3. g3 b5 4. Bg5 Bb7 5. Bg2 d5 6. Bxf6 Qxf6 7. O-O Nd7 8. c3
Bd6 9. Nbd2 O-O 10. e4 dxe4 11. Nh4 Rab8 12. Nxe4 Qd8 13. Re1 Nf6 14. Nxf6+
Qxf6 15. Bxb7 Rxb7 16. Nf3 Rd8 17. Qe2 c5 18. Rad1 a6 19. dxc5 Bxc5 20. Rxd8+
Qxd8 21. Ne5 Rb6 22. Nxf7 Kxf7 23. Qh5+ Kg8 24. Qxc5 h6 25. h4 Rd6 26. Qe5 Kh8
27. Kg2 Qa8+ 28. Qe4 Qxe4+ 29. Rxe4 Kg8 30. Rd4 Rb6 31. Rd7 b4 32. cxb4 Rxb4
33. b3 a5 34. Ra7 Rb5 35. Kf3 Kh7 36. Ra6 Re5 37. Kf4 Rf5+ 38. Ke3 Re5+ 39. Kd4
Rd5+ 40. Ke4 Rf5 41. f4 Rb5 42. Kd4 g5 43. hxg5 hxg5 44. Rxe6 gxf4 45. gxf4
Rb4+ 46. Ke3 a4 47. Re4 1-0

[Event "Victor Ciocaltea mem"]
[Site "Bucharest ROM"]
[Date "2008.03.24"]
[Round "10"]
[White "Jianu, Vlad Cristian"]
[Black "Roussel-Roozmon, Thomas"]
[Result "1/2-1/2"]
[WhiteElo "2530"]
[BlackElo "2442"]
[PlyCount "42"]
[EventDate "2008.03.14"]
[EventType "tourn"]
[EventRounds "11"]
[EventCountry "ROM"]
[EventCategory "9"]
[Source "Mark Crowther"]
[SourceDate "2008.03.24"]

1. d4 Nf6 2. c4 e6 3. Nf3 b6 4. Nc3 Bb7 5. Bg5 h6 6. Bh4 Be7 7. Qc2 c5 8. dxc5
bxc5 9. e3 O-O 10. Rd1 d6 11. Be2 Nh5 12. Bg3 Qb6 13. O-O Nxg3 14. hxg3 Rd8 15.
Rd2 Nd7 16. Rfd1 Rab8 17. Ne1 Ne5 18. b3 a6 19. Nd3 Nxd3 20. Qxd3 Rd7 21. Bf3
Rbd8 1/2-1/2

[Event "Victor Ciocaltea mem"]
[Site "Bucharest ROM"]
[Date "2008.03.25"]
[Round "11"]
[White "Roussel-Roozmon, Thomas"]
[Black "Szabo, G ROM."]
[Result "1/2-1/2"]
[WhiteElo "2442"]
[BlackElo "2509"]
[PlyCount "56"]
[EventDate "2008.03.14"]
[EventType "tourn"]
[EventRounds "11"]
[EventCountry "ROM"]
[EventCategory "9"]
[Source "Mark Crowther"]
[SourceDate "2008.03.31"]

1. Nf3 e6 2. c4 b6 3. g3 Bb7 4. Bg2 f5 5. O-O Nf6 6. d4 Be7 7. d5 Na6 8. Nd4
Nc5 9. dxe6 Bxg2 10. Kxg2 g6 11. exd7+ Qxd7 12. Nc3 O-O-O 13. e3 h5 14. h4 Nce4
15. Qa4 Nxc3 16. Qxd7+ Rxd7 17. bxc3 Ne4 18. a4 c5 19. Ne6 Bd6 20. a5 Re8 21.
axb6 axb6 22. Ng5 Nxg5 23. hxg5 Re4 24. Rd1 Bb8 25. Rxd7 Kxd7 26. Ra8 Kc8 27.
Ra4 Kb7 28. f3 Re8 1/2-1/2

[Event "FSGM 2008.03"]
[Site "Budapest HUN"]
[Date "2008.03.01"]
[Round "1"]
[White "Roussel-Roozmon, Thomas"]
[Black "Ilincic, Zlatko"]
[Result "1/2-1/2"]
[WhiteElo "2442"]
[BlackElo "2561"]
[PlyCount "65"]
[EventDate "2008.03.01"]
[EventType "tourn"]
[EventRounds "13"]
[EventCountry "HUN"]
[EventCategory "8"]
[Source "Mark Crowther"]
[SourceDate "2008.03.03"]

1. Nf3 d5 2. d4 c6 3. c4 dxc4 4. a4 Qa5+ 5. Bd2 Qf5 6. Na3 b5 7. axb5 cxb5 8.
Ne5 Bd7 9. f3 f6 10. e4 Qe6 11. Nxd7 Qxd7 12. d5 e6 13. dxe6 Qb7 14. b3 Bxa3
15. Rxa3 Ne7 16. bxc4 b4 17. Ra4 Nbc6 18. c5 a5 19. Bf4 Ne5 20. Bxe5 fxe5 21.
Bc4 Rd8 22. Qe2 Qc7 23. Bb5+ Kf8 24. Qf2 Rb8 25. Bd7 g5 26. h4 Ng6 27. c6 Rb5
28. hxg5 Kg7 29. g3 b3 30. O-O Rf8 31. Rb1 Qd6 32. c7 Rc5 33. c8=Q 1/2-1/2

[Event "FSGM 2008.03"]
[Site "Budapest HUN"]
[Date "2008.03.03"]
[Round "2"]
[White "Llaneza Vega, Marcos"]
[Black "Roussel-Roozmon, Thomas"]
[Result "1/2-1/2"]
[WhiteElo "2445"]
[BlackElo "2442"]
[PlyCount "156"]
[EventDate "2008.03.01"]
[EventType "tourn"]
[EventRounds "13"]
[EventCountry "HUN"]
[EventCategory "8"]
[Source "Mark Crowther"]
[SourceDate "2008.03.10"]

1. e4 e5 2. Nf3 Nc6 3. Bb5 Nf6 4. O-O Nxe4 5. Qe1 Nd6 6. Bxc6 dxc6 7. Qxe5+ Be6
8. Nd4 Qf6 9. Qxf6 gxf6 10. b3 Rg8 11. Bb2 Be7 12. Re1 Kd7 13. Nc3 Rg4 14. Nxe6
fxe6 15. f3 Rg6 16. Ne2 Rgg8 17. Ng3 Rg5 18. Re2 Re8 19. Rae1 Bd8 20. d4 h5 21.
c4 h4 22. Nf1 b5 23. Ne3 bxc4 24. bxc4 Ra5 25. Ba1 Rg8 26. Rb1 Be7 27. Rb3 a6
28. Kf1 Ra4 29. Rc2 f5 30. d5 Bg5 31. c5 Nb5 32. dxe6+ Kxe6 33. Re2 Bxe3 34.
Rbxe3+ Kd7 35. Re5 Rf8 36. Rd2+ Kc8 37. Re6 Rc4 38. Bg7 Rf7 39. Re8+ Kb7 40.
Bf8 Rd4 41. Rxd4 Nxd4 42. Kf2 a5 43. Ke3 Nc2+ 44. Kf4 Nb4 45. a3 Nd5+ 46. Kg5
a4 47. Kxh4 Nf6 48. Rd8 Nd7 49. Bh6 Nxc5 50. Rd4 Rh7 51. Kh5 Rh8 52. Rc4 Nd3
53. Rxa4 Ne5 54. g4 Nxf3 55. gxf5 Ne5 56. f6 c5 57. Kg5 Kc6 58. Kf5 Kd5 59. Rh4
c4 60. Bg5 Rb8 61. Rh7 Rb3 62. Bf4 Rf3 63. f7 Nd7 64. Kg4 Rf1 65. Rh8 c3 66.
Rd8 Rxf4+ 67. Kxf4 c2 68. Rxd7+ Kc6 69. Rxc7+ Kxc7 70. f8=Q c1=Q+ 71. Kg4 Qg1+
72. Kh3 Qe3+ 73. Kh4 Qd4+ 74. Kh3 Qe3+ 75. Kg2 Qg5+ 76. Kf1 Qc1+ 77. Kf2 Qd2+
78. Kg1 Qg5+ 1/2-1/2

[Event "FSGM 2008.03"]
[Site "Budapest HUN"]
[Date "2008.03.04"]
[Round "3"]
[White "Roussel-Roozmon, Thomas"]
[Black "Fodor, Tamas jr"]
[Result "1/2-1/2"]
[WhiteElo "2442"]
[BlackElo "2407"]
[PlyCount "36"]
[EventDate "2008.03.01"]
[EventType "tourn"]
[EventRounds "13"]
[EventCountry "HUN"]
[EventCategory "8"]
[Source "Mark Crowther"]
[SourceDate "2008.03.10"]

1. d4 d5 2. Nf3 Nf6 3. c4 dxc4 4. e3 e6 5. Bxc4 c5 6. O-O a6 7. a4 Nc6 8. Qe2
Qc7 9. Rd1 b6 10. Nc3 Bb7 11. d5 exd5 12. Nxd5 Nxd5 13. Bxd5 Be7 14. Bd2 Bf6
15. Bc3 Bxc3 16. bxc3 O-O 17. Qb2 Rab8 18. Rd2 Na5 1/2-1/2

[Event "FSGM 2008.03"]
[Site "Budapest HUN"]
[Date "2008.03.05"]
[Round "4"]
[White "Wang, Puchen"]
[Black "Roussel-Roozmon, Thomas"]
[Result "1/2-1/2"]
[WhiteElo "2383"]
[BlackElo "2442"]
[PlyCount "26"]
[EventDate "2008.03.01"]
[EventType "tourn"]
[EventRounds "13"]
[EventCountry "HUN"]
[EventCategory "8"]
[Source "Mark Crowther"]
[SourceDate "2008.03.10"]

1. d4 Nf6 2. Nf3 d5 3. e3 c5 4. c3 Nbd7 5. Bd3 g6 6. Nbd2 Bg7 7. O-O O-O 8. e4
dxe4 9. Nxe4 Nxe4 10. Bxe4 cxd4 11. Nxd4 Nc5 12. Bc2 a6 13. Nb3 Nxb3 1/2-1/2

[Event "FSGM 2008.03"]
[Site "Budapest HUN"]
[Date "2008.03.06"]
[Round "5"]
[White "Roussel-Roozmon, Thomas"]
[Black "Szabo, Krisz1"]
[Result "1-0"]
[WhiteElo "2442"]
[BlackElo "2500"]
[PlyCount "99"]
[EventDate "2008.03.01"]
[EventType "tourn"]
[EventRounds "13"]
[EventCountry "HUN"]
[EventCategory "8"]
[Source "Mark Crowther"]
[SourceDate "2008.03.10"]

1. Nf3 Nf6 2. c4 e6 3. g3 d5 4. d4 Bb4+ 5. Bd2 Be7 6. Bg2 O-O 7. O-O c6 8. Qc2
Nbd7 9. Bf4 Ne4 10. Nfd2 f5 11. Nxe4 fxe4 12. Nd2 Bf6 13. Be3 Nb6 14. Rad1 Bd7
15. c5 Nc8 16. f3 exf3 17. Nxf3 Be8 18. Bh3 Qe7 19. Bf4 Bh5 20. Qd2 h6 21. Qe3
g5 22. Qxe6+ Kg7 23. Be5 Qxe6 24. Bxe6 g4 25. Nh4 Bxe5 26. Rxf8 Kxf8 27. dxe5
Ne7 28. Rd4 b6 29. Rf4+ Kg7 30. Bxg4 Bxg4 31. Rxg4+ Kf7 32. Rf4+ Ke6 33. Rf6+
Kxe5 34. Rxh6 bxc5 35. Nf3+ Kf5 36. h3 Rf8 37. Kf2 Ng6 38. g4+ Kf6 39. h4 Kg7
40. g5 c4 41. h5 Nf4 42. e3 Nd3+ 43. Kg3 c5 44. Rd6 Nxb2 45. h6+ Kh7 46. Rxd5
Nd3 47. Rd7+ Kg8 48. h7+ Kh8 49. g6 Rxf3+ 50. Kh4 1-0

[Event "FSGM 2008.03"]
[Site "Budapest HUN"]
[Date "2008.03.07"]
[Round "6"]
[White "Kosic, Dragan"]
[Black "Roussel-Roozmon, Thomas"]
[Result "1/2-1/2"]
[WhiteElo "2511"]
[BlackElo "2442"]
[PlyCount "26"]
[EventDate "2008.03.01"]
[EventType "tourn"]
[EventRounds "13"]
[EventCountry "HUN"]
[EventCategory "8"]
[Source "Mark Crowther"]
[SourceDate "2008.03.10"]

1. d4 Nf6 2. Nf3 d5 3. c4 c6 4. Nc3 a6 5. Ne5 e6 6. Bg5 Be7 7. e3 Nbd7 8. Bf4
O-O 9. Bd3 Nxe5 10. Bxe5 dxc4 11. Bxc4 c5 12. dxc5 Nd7 13. Bg3 Nxc5 1/2-1/2

[Event "FSGM 2008.03"]
[Site "Budapest HUN"]
[Date "2008.03.09"]
[Round "8"]
[White "Roussel-Roozmon, Thomas"]
[Black "Garbisu de Goni, Unai"]
[Result "1/2-1/2"]
[WhiteElo "2442"]
[BlackElo "2464"]
[PlyCount "127"]
[EventDate "2008.03.01"]
[EventType "tourn"]
[EventRounds "13"]
[EventCountry "HUN"]
[EventCategory "8"]
[Source "Mark Crowther"]
[SourceDate "2008.03.17"]

1. Nf3 f5 2. d3 d6 3. e4 e5 4. Nc3 Nf6 5. exf5 Bxf5 6. d4 e4 7. Nh4 Bg4 8. Be2
Bxe2 9. Qxe2 d5 10. Bg5 Nc6 11. Bxf6 Qxf6 12. Nxd5 Qxh4 13. Nxc7+ Kd7 14. Nxa8
Bb4+ 15. c3 Bd6 16. g3 Qh3 17. O-O-O Rxa8 18. Qxe4 Re8 19. Qf3 Rf8 20. Qe2 Qf5
21. f4 Nb4 22. Rhe1 Nxa2+ 23. Kd2 Nb4 24. Qe4 Qxe4 25. Rxe4 Nd5 26. c4 Nf6 27.
Re2 b6 28. Kd3 h5 29. b3 Rh8 30. Ra1 a5 31. c5 bxc5 32. Rxa5 cxd4 33. Ra7+ Bc7
34. Rc2 Ne8 35. Rc4 Rh6 36. Rxd4+ Kc6 37. Ra2 Bd6 38. Rc4+ Kb6 39. Re2 Nc7 40.
Rec2 Na6 41. Ke3 Bc5+ 42. Kf3 Rd6 43. Re4 Nb4 44. Rce2 Nc6 45. Kg2 Nd4 46. Rd2
Kb5 47. Re5 g6 48. Re8 Kb4 49. Rd3 Kb5 50. Rc3 Bb6 51. Re5+ Kb4 52. Rd3 Bc5 53.
Re4 Kb5 54. f5 gxf5 55. Rh4 Kc6 56. b4 Bb6 57. Rxh5 Re6 58. Rd2 Ba7 59. Rh7 Bb6
60. Rf7 Rg6 61. Rd1 Re6 62. Rd2 Rg6 63. Rd1 Re6 64. Rd2 1/2-1/2

[Event "FSGM 2008.03"]
[Site "Budapest HUN"]
[Date "2008.03.10"]
[Round "9"]
[White "Bui Vinh"]
[Black "Roussel-Roozmon, Thomas"]
[Result "1/2-1/2"]
[WhiteElo "2482"]
[BlackElo "2442"]
[PlyCount "51"]
[EventDate "2008.03.01"]
[EventType "tourn"]
[EventRounds "13"]
[EventCountry "HUN"]
[EventCategory "8"]
[Source "Mark Crowther"]
[SourceDate "2008.03.17"]

1. d4 e6 2. Bf4 c5 3. e3 Nf6 4. Nc3 cxd4 5. exd4 d6 6. Nf3 Be7 7. Bd3 a6 8. a4
Nc6 9. O-O Nb4 10. Bc4 O-O 11. Ne2 Bd7 12. Bd2 Nbd5 13. a5 b5 14. axb6 Qxb6 15.
Bd3 a5 16. c4 Nb4 17. Bc3 Rfc8 18. Ng3 Nxd3 19. Qxd3 a4 20. Nd2 Qb7 21. Rfe1
Re8 22. Nde4 Nxe4 23. Nxe4 d5 24. Nc5 Qc7 25. cxd5 exd5 26. Qd2 1/2-1/2

[Event "FSGM 2008.03"]
[Site "Budapest HUN"]
[Date "2008.03.11"]
[Round "10"]
[White "Roussel-Roozmon, Thomas"]
[Black "Nguyen Huynh Minh, Huy"]
[Result "1/2-1/2"]
[WhiteElo "2442"]
[BlackElo "2398"]
[PlyCount "62"]
[EventDate "2008.03.01"]
[EventType "tourn"]
[EventRounds "13"]
[EventCountry "HUN"]
[EventCategory "8"]
[Source "Mark Crowther"]
[SourceDate "2008.03.17"]

1. d4 d5 2. c4 c6 3. Nf3 Nf6 4. e3 a6 5. Bd3 Bg4 6. Nbd2 Nbd7 7. Qc2 e6 8. b3
c5 9. O-O Rc8 10. Bb2 cxd4 11. exd4 Bd6 12. c5 Bf4 13. b4 O-O 14. Rfe1 Qc7 15.
g3 Bh6 16. Ne5 Bh3 17. Ndf3 Nxe5 18. Nxe5 Ne4 19. Bc1 f6 20. Nf3 Bxc1 21. Raxc1
Rfd8 22. Nd2 Nxd2 23. Qxd2 e5 24. dxe5 fxe5 25. Qg5 e4 26. Bf1 Bxf1 27. Kxf1
Qc6 28. Kg1 d4 29. Qe5 d3 30. Rcd1 Re8 31. Qd6 Qxd6 1/2-1/2